Statistics for Word Chain - Asia

Click here to take the quiz!

General Stats

  • This quiz has been taken 16,719 times
  • The average score is 16 of 22

Answer Stats

HintAnswer% Correct
______ Arab EmiratesUnited
97%
Soon to be the world's most
populous country
India
95%
Official language of SyriaArabic
91%
City straddling Europe and AsiaIstanbul
91%
City hit by an a-bombNagasaki
91%
Kurdistan is an autonomous region
of this country
Iraq
88%
Country shunned by Saudi Arabia in 2017Qatar
85%
Currency of IndiaRupee
85%
Game company that brought us
Mario and Zelda
Nintendo
84%
Country ruled by a sultanOman
84%
Japanese poem with 17 syllablesHaiku
82%
City where you can ski in a mallDubai
81%
Region of China with an average
elevation of 16,000 feet
Tibet
79%
Sacred flower of Hinduism
and Buddhism
Lotus
77%
National animal of ThailandElephant
76%
Species of speedy feline that
can be found in Iran
Cheetah
73%
Religious movement started by LaoziTaoism
64%
Longest river in IndochinaMekong
61%
City on Hong Kong's nothern borderShenzhen
44%
Term for a Nepali soldierGurkha
43%
Mughal emperor: _____ the GreatAkbar
18%
Twin city of IslamabadRawalpindi
17%

Score Distribution

Percentile by Number Answered

Percent of People with Each Score

Your Score History

You have not taken this quiz